000 00670nam a2200205 a 4500
001 000034156
005 20200930070824.0
008 110926s2001 es 000 0 spa d
020 _a8485840887
040 _aDO-SdBNP
_bspa
_cBNPHU
100 1 _aBarberà Gregori, Elena
_959572
245 1 3 _aLa incógnita de la educación a distancia /
_cElena Barberà ; coordinadora Antoni Badia, Josep M. Mominó.
260 _aBarcelona :
_bI.C.E Horsori,
_c2001.
300 _a245 p. ;
_c22 cm.
490 1 _aCuadernos de Educación
700 1 _aBadia, Antoni
_ecoor.
_959573
700 1 _aMominó, Josep M.
_959574
830 0 _aCuadernos de Educación
_97917
049 _aBNPD
999 _c33647
_d33647